Cinq plus grandes villes par pays n°2 - Statistiques

Statistiques générales
  • Ce quiz a été pris 378 fois
  • Le résultat moyen est 34 sur 50
Statistiques - réponses
Hin Réponse % Correct
Italie Rome
99%
Allemagne Berlin
98%
Royaume-Uni Londres
98%
Mexique Mexico
98%
Russie Moscou
98%
Chine Pékin
97%
Japon Tokyo
97%
Brésil Rio de Janeiro
96%
Australie Sydney
96%
Espagne Barcelone
95%
Espagne Madrid
95%
Italie Milan
94%
Russie Saint Petersbourg
93%
Royaume-Uni Manchester
92%
Allemagne Munich
92%
Italie Naples
92%
Italie Turin
90%
Brésil São Paulo
88%
Brésil Brasilia
87%
Royaume-Uni Liverpool
85%
Chine Shanghai
85%
Allemagne Francfort
83%
Australie Melbourne
82%
Espagne Seville
82%
Allemagne Hambourg
81%
Espagne Valence
81%
Japon Osaka
75%
Royaume-Uni Birmingham
72%
Australie Perth
71%
Chine Canton / Shenzhen
69%
Allemagne Cologne
69%
Italie Palerme
64%
Australie Brisbane
55%
Royaume-Uni Leeds
54%
Mexique Guadalajara
52%
Australie Adelaide
50%
Brésil Belo Horizonte
46%
Japon Nagoya
44%
Mexique Monterrey
39%
Espagne Saragosse
35%
Brésil Porto Alegre
32%
Russie Nijni Novgorod
31%
Russie Iekaterinbourg
29%
Japon Sapporo
26%
Chine Tianjin
24%
Russie Novossibirsk
20%
Chine Xiamen
19%
Japon Fukuoka
18%
Mexique Puebla
15%
Mexique Toluca
6%
Aucun quiz correspondant
Distribution des résultats
% des personnes avec chaque résultat
Percentile par nombre de réponses
Votre historique - résultats
Vous n’avez pas pris ce quiz